| 000 | 00574 a2200181 4500 | ||
|---|---|---|---|
| 999 |
_c2562 _d2562 |
||
| 020 | _a9780199048069 | ||
| 050 | _aHF 5548.8 PSY 2014 | ||
| 100 |
_aBergh, Ziel _eauthor |
||
| 245 |
_aPsychology in the work context _cZiel C Bergh and Dirk Geldenhuys |
||
| 250 | _a5th ed. | ||
| 264 |
_aCape Town : _bOxford University Press, _c 2014 |
||
| 300 |
_axvi. 594p.: _bill. |
||
| 500 | _aincludes bibliographical references and index | ||
| 650 | _aPsychology | ||
| 651 | _a Psychological aspects. | ||
| 700 |
_a Dirk Geldenhuys _eauthor |
||
| 942 |
_2lcc _cBK _e5th ed _h5548.8 _iPSY _kHF |
||